| 000 | 00345nam a22001217a 4500 | ||
|---|---|---|---|
| 040 | _cSY | ||
| 082 | _a333 MAU 1973 087 | ||
| 100 | _aMaurice M. Kelso william E. Martin lawrence E. Mack | ||
| 245 | _aWater supplies and Economic Growth | ||
| 260 |
_aUSA _bMaurice M. Kelso william E. Martin lawrence E. Mack _c1973 |
||
| 300 | _a327p | ||
| 942 | _cEK | ||
| 999 |
_c11189 _d11189 |
||